Криза свiтового капiталiзму (Запись № 13092256)

Подробности
000 -МАРКЕР
контрольное поле 01873nam0a2200325 4500
001 - ИДЕНТИФИКАТОР ЗАПИСИ
контрольное поле RU\NLR\BIBL_A\022217665
005 - ИДЕНТИФИКАТОР ВЕРСИИ
контрольное поле 20260419042158.0
035 ## - ДРУГИЕ СИСТЕМНЫЕ НОМЕРА
Идентификатор записи (NLR Aleph) 022217665
100 ## - ДАННЫЕ ОБЩЕЙ ОБРАБОТКИ
Данные общей обработки 20240508d1963 |||y0rusy50 ca
101 0# - ЯЗЫК РЕСУРСА
Язык текста, звукозаписи и т.д. украинский
102 ## - СТРАНА ПУБЛИКАЦИИ ИЛИ ПРОИЗВОДСТВА
Страна публикации Российская Федерация
105 ## - ПОЛЕ КОДИРОВАННЫХ ДАННЫХ: ТЕКСТОВЫЕ МАТЕРИАЛЫ, МОНОГРАФИЧЕСКИЕ
Кодированные данные о монографическом текстовом документе y gc 000yy
181 #0 - ПОЛЕ КОДИРОВАННЫХ ДАННЫХ: ВИД СОДЕРЖАНИЯ
Код вида содержания (ISBD) i
Код характеристики содержания (ISBD) axxe
182 #0 - ПОЛЕ КОДИРОВАННЫХ ДАННЫХ: ТИП СРЕДСТВА
Код типа средства (ISBD) n - непосредственное
200 1# - ЗАГЛАВИЕ И СВЕДЕНИЯ ОБ ОТВЕТСТВЕННОСТИ
Основное заглавие Криза свiтового капiталiзму
Сведения, относящиеся к заглавию короткий анотований покажчик лiтератури
Первые сведения об ответственности Мiнiстерство культури Украïнськоï РСР, Державна республiканська бiблiотека УРСР iменi КПРС
Последующие сведения об ответственности [склав А. А. Кондрацький]
203 ## - ВИД СОДЕРЖАНИЯ И ТИП СРЕДСТВА
Вид содержания Текст
Дополнительные сведения об издании визуальный
Тип средства непосредственный
210 ## - ПУБЛИКАЦИЯ, РАСПРОСТРАНЕНИЕ И ДР.
Место издания, распространения и т.д. Киïв
Имя издателя, распространителя и т. д. Державне видавництво полiтичноï лiтератури УРСР
Дата издания, распространения и т.д. 1963
215 ## - ФИЗИЧЕСКАЯ ХАРАКТЕРИСТИКА
Специфическое обозначение материала и объем 35, [2] с.
Размеры 20
225 1# - СЕРИЯ
Основное заглавие серии На допомогу бiблiотекаревi
300 ## - ОБЩИЕ ПРИМЕЧАНИЯ
Текст примечания В вып. дан. загл. также на рус. яз.: Кризис мирового капитализма: краткий аннотированный указатель литературы (на украинском языке)
517 1# - ДРУГИЕ ВАРИАНТЫ ЗАГЛАВИЯ
Вариант заглавия Кризис мирового капитализм
Сведения, относящиеся к заглавию краткий аннотированный указатель литературы (на украинском языке)
Язык заглавия русский
702 #1 - ИМЯ ЛИЦА - ВТОРИЧНАЯ ОТВЕТСТВЕННОСТЬ
Начальный элемент ввода Кондрацький
Часть имени, кроме начального элемента ввода А. А.
Расширение инициалов личного имени Адольф Адольфович
Код отношения Составитель
712 02 - НАИМЕНОВАНИЕ ОРГАНИЗАЦИИ - ВТОРИЧНАЯ ОТВЕТСТВЕННОСТЬ
Код отношения Составитель
Материалы, к которым относится поле ukr
Начальный элемент ввода Державна республіканська бібліотека УРСР ім. КПРС
Идентифицирующий признак Киïв
Идентификатор авторитетной/нормативной записи RU\NLR\AUTH\889089
Системный номер авторитетной/нормативной записи 290689
852 ## - МЕСТОНАХОЖДЕНИЕ И ШИФР ХРАНЕНИЯ
Идентификатор организации NLR
Шифр хранения (Call Number) с451-660/К-82
942 ## - ДОПОЛНИТЕЛЬНЫЕ ЭЛЕМЕНТЫ ЗАПИСИ (АБИС)
Тип экземпляра АБИС Книга
980 ## - КОЛЛЕКЦИЯ
Название коллекции Национальная библиография
Экземпляры
Тип экземпляра Дата поступления Библиотека постоянного хранения Библиотека текущего хранения Место хранения Шифр хранения Штрих-код Статус экземпляра
Книга 05.06.2024 РНБ (Московский) РНБ (Московский) Центральная справочная библиотека с451-660/К-82 1-4367047